| 000 | 00757nas a2200253 4500 | ||
|---|---|---|---|
| 001 | BR2010001019 | ||
| 003 | BR-BrBNA | ||
| 005 | 20231205113924.0 | ||
| 007 | ta | ||
| 008 | 230509b bl.|||p| |||| 00| 00por d | ||
| 040 |
_aBR-BrBNA _bpor _cBiblioteca Nacional de Agricultura |
||
| 041 | _a(Pt) | ||
| 072 | _aP01; P40 | ||
| 110 | 1 | _aFundação Getúlio Vargas, Rio de Janeiro, RJ (Brasil) | |
| 245 | 1 | _aCOP-15-1 - Introdução diário negociações | |
| 650 | _aCLIMA | ||
| 650 | _aMEIO AMBIENTE | ||
| 650 | _aPRESERVAÇÃO DA NATUREZA | ||
| 650 | _aGÁS | ||
| 650 | _aCARBONO | ||
| 773 | 0 |
_tAgroanalysis (Brazil) _xISSN 0100-4298 _g(Jan 2010), v. 30(1) p. 15-25 _wBR2010001019 |
|
| 909 |
_a202311 _bLúcia _c55 _dLúcia Elande |
||
| 942 |
_2AGRIS _n0 _cANA |
||
| 999 |
_c206298 _d206298 |
||